Strategic Management : Creating Competitive Advantages. (Record no. 2215)

MARC details
005 - DATE AND TIME OF LATEST TRANSACTION
control field 20250508163022.0
020 ## - INTERNATIONAL STANDARD BOOK NUMBER
International Standard Book Number 0-07-115106-0
082 ## - DEWEY DECIMAL CLASSIFICATION NUMBER
Classification number 658.401 DES
100 ## - MAIN ENTRY--PERSONAL NAME
Author name DESS, G. G.
245 ## - TITLE STATEMENT
Title Strategic Management : Creating Competitive Advantages.
260 ## - PUBLICATION, DISTRIBUTION, ETC.
Place of publication, distribution, etc. New York,
Name of publisher, distributor, etc. Mcgraw-Hill Irwin,
Date of publication, distribution, etc. 2003.
300 ## - PHYSICAL DESCRIPTION
Extent xxi, 453p.: Ill.;figures
Other physical details Index
Dimensions 24cm.
700 ## - ADDED ENTRY--PERSONAL NAME
Other authors/Editors LUMPKIN, G. T.
942 ## - ADDED ENTRY ELEMENTS (KOHA)
Source of classification or shelving scheme Dewey Decimal Classification
Koha item type Books
Holdings
Date last seen Total checkouts Full call number Barcode Cost, replacement price Price effective from Koha item type Lost status Source of classification or shelving scheme Damaged status Not for loan Withdrawn status Home library Current library Shelving location Date acquired Cost, normal purchase price
05/08/2025   658.401 DES 0000008562 90000.00 05/08/2025 Books   Dewey Decimal Classification       College of Business Education Main Library College of Business Education Main Library General Collection 12/13/2019 30000.00
05/16/2025   658.401 DES 0000009000 90000.00 05/16/2025 Books   Dewey Decimal Classification       College of Business Education Main Library College of Business Education Main Library General Collection 05/11/2132 30000.00